Little Mix- Sweet Melody Lyrics - Statistics

General Stats
  • This quiz has been taken 213 times
  • The average score is 318 of 446
Answer Stats
Hint Answer % Correct
I
97%
A
95%
He
94%
Me
93%
Was
93%
The
92%
Love
91%
Melody
91%
Sweet
91%
Made
90%
Verse 1 In
88%
And
87%
Be
87%
Like
87%
That
87%
We
87%
It
86%
Melodies
85%
Song
84%
Believe
83%
Real
83%
Sing
83%
This
83%
To
83%
Boy
82%
There
81%
But
80%
On
80%
Used
80%
Knew
79%
Played
79%
Were
79%
Feel
77%
Whole
77%
About
76%
Go
76%
Life
75%
Woman
73%
Day
72%
Songs
72%
Wrong
72%
Young
72%
Did
70%
When
70%
Lie
69%
Other
69%
His
67%
Wrote
65%
My
64%
Crazy
63%
Wasn't
63%
Band
62%
Fools
62%
Couldn't
61%
Time
61%
Words
60%
Bout
59%
Dancing
59%
Silly
59%
Anyway
58%
Verse 2 Every
58%
Pre-amble Doo-Doo
57%
Went
57%
Something
54%
Would
53%
Cheat
52%
See
52%
No
51%
Too
51%
Eyes
50%
Many
50%
Of
49%
Over
49%
Dancer
48%
Control
46%
Feet
46%
Just
46%
Make
46%
Tiny
46%
Beats
45%
Along
43%
Had
43%
Times
43%
Him
42%
Chances
41%
Heard
41%
Gave
39%
World
39%
Doo-Doo
38%
Move
37%
Straying
36%
Came
35%
Push
35%
Tracks
35%
Stopped
34%
That's
34%
Way
33%
Leave
31%
Then
31%
Syncopated
30%
Start
29%
Acting
28%
Lost
28%
Groove
26%
I'll
21%
Or
21%
Sounded
17%
Yes
11%
Dumb
9%
Gears
9%
No matching quizzes found
Score Distribution
Percent of People with Each Score
Percentile by Number Answered
Your Score History
You have not taken this quiz